000
00300nam a22001337a 4500
008
170526b xxu||||| |||| 00| 0 eng d
020
_a
3540105247
041
_a
GER
080
_a
621.3
100
_a
25
101
_a
IM
245
_a
NETZWEKE, SIGNALE UND SYSTEME
_c
SCHUBLER, H.W
942
_2
udc
_c
BK
999
_c
14610
_d
14610